zpět

Detail výsledku týmu

D9vítka, Šumperk

Datum a čas kvízu

27 Celkem bodů Celkový počet nahraných bodů na tomto kvízu bez doplňovacích otázek.
9. Pořadí na kvízu Konečné umístění týmu na tomto kvízu.

Zaznamenané odpovědi

# Otázka Odpověď Body Výsledky
1. V pátek byly zveřejněny výsled... Jihočeský kraj 0
2. Minulou středu zažili policist... v bagru 0
3. Sedmý ročník ankety Podcast ro... Opravdové zločiny 0
4. Bývalý brazilský pilot, který... Emerson Fittipaldi, Targa Florio 1
5. Tým Florida Panthers porazil v... Tomáš Nosek, Vít Vaněček 1
6. Začneme politikou. Republikáns... Agrární strana, agrárníci 0
7. V letech 1918–1928 bylo Českos... Podkarpatská Rus (Zakarpatská Ukrajina) 1
8. Na fotce vidíme jeden z rekons... Tatra, (Hans) Ledwinka 0.5
9. Zde vidíme portrét módní návrh... Hana Podolská 0
10. „Král komiků“ Vlasta Burian by... AC Sparta Praha, brankář 0